000 00295nam a2200109Ia 4500
005 20251222114405.0
008 251222s1900||||xx |||||||||||||| ||spa||
082 _aDVD0092/S25E/2006
245 0 _aMilagro Eucarístico de Eten
264 _bCastillejo, Christian. Salas Delgado, Raúl
942 _cDVD
999 _c1809
_d1809